00946nam a2200181 a 450000100100000000500170001000800410002704000250006808200160009310000350010924501980014426000520034230000210039450201400041504900090055595201830056499900170074700003238020200930065618.0110715s1914 dr 000 0 spa d aDO-SdBNPbspacBNPHU axxxxbM516d1 aMejía, Gustavo Adolfo95834010aDebe abolirse el derecho a la reserva, en la sucesión de los hijos lejitimos y de los ascendientes, consagrado por el sistema seguido en la legislación dominicana /cGustavo Adolfo Mejía. aSanto Domingo :bImp. Cuna de América,c1914. a106 p. ;c23 cm. aPresentado originalmemte como tesis del autor -- Intituto Profesional de Santo Domingo. Facultad de Derecho Civil, Santo Domingo, 1914. aBNPD 0010718PDaPDbPDcCTd2011-07-15iLF1l0oxxxx M516dp32380-10r2020-06-25w2020-06-25yLFPDzPerteneció a la biblioteca personal de Carlos Larrazábal BlancoZNo se presta c31871d31871